00634nam a2200169 a 450000500170000000800410001702000180005805000270007610000200010324500890012326000640021230000170027650000140029365000130030799900190032095201250033920140412111300.0010330s19uu xx 00 eng d a0-590-10386-5 aTR(GS 793.73bS62 1997 aSpan, Mary Beth a25 easy thematic crosswords for building literacy, grades K-2 /cby Mary Beth Spann. aJefferson City, MO :bScholastic Professional Books,c1997. a47 p. ; ill. aPreschool aThematic c103365d103365 001040aELbELcTRd2001-03-30eLib. Fundg550.00l0oTR(GS 793.73 S62 1997pE4599r2014-04-12 00:00:00w2014-04-12yBK